000 00603nam a2200181Ia 4500
999 _c7475
_d7475
003 GBCCL
005 20241126110629.0
008 180816b ||||| |||| 00| 0 eng d
040 _cgbc
082 _a248.26092
_bSUN
100 _aAppasamy, A J
_913217
245 _aSundar Singh :
_ba biography/
_cA J Appasamy
260 _c1985.
_aMadras:
_bChristian literature society,
300 _a226p.;
505 _aA classic account of the life and teaching of Sundar Singh, the high-caste Sikh who converted to Christianity.
650 _a Singh, Sundar,
_xbiography
_y1889-1929
_913218
942 _2ddc
_cBK
_01